000
00234nam a22001097a 4500
003
OSt
008
231115b |||||||| |||| 00| 0 eng d
041
_a
mal
100
_a
Chandrasekharan, C
_9
1725
245
_a
Kasayiloode /
942
_c
BK
999
_c
17869
_d
17869